Geschichte der griechischen Religion /

Bibliographic Details
Main Author: Nilsson, Martin P. (Martin Persson), 1874-1967
Format: Book
Language:German
Published: München : Beck, 1955-
Edition:2., durchgesehene und ergänzte Aufl.
Series:Handbuch der Altertumswissenschaft ; 5. Abt., 2. T.
Subjects:

MARC

Tag First Indicator Second Indicator Subfields
LEADER 00000cam a22000001a 4500
001 in00001504313
005 20151021084141.0
008 980122m19559999gw a b 001 0 ger
010 |a  55042004  
035 |a (OCoLC)03088275 
035 |9 AJJ6882AM 
040 |a DLC  |c DLC  |d TXA  |d UtOrBLW 
049 |a TXAM 
050 0 0 |a PA25  |b .H24 Abt. 5, T. 2 1955 
090 |a PA31  |b .M9 Abt. 5, T. 2 
100 1 |a Nilsson, Martin P.  |q (Martin Persson),  |d 1874-1967. 
245 1 0 |a Geschichte der griechischen Religion /  |c Martin Persson Nilsson. 
250 |a 2., durchgesehene und ergänzte Aufl. 
264 1 |a München :  |b Beck,  |c 1955- 
300 |a volumes <1 > :  |b illustrations ;  |c 26 cm. 
336 |a text  |b txt  |2 rdacontent 
337 |a unmediated  |b n  |2 rdamedia 
338 |a volume  |b nc  |2 rdacarrier 
490 1 |a Handbuch der Altertumswissenschaft ;  |v 5. Abt., 2. T 
504 |a Includes bibliographical references (Bd. 1, pages 65-67) and indexes. 
505 1 |a 1. Bd. Die Religion Griechenlands bis auf die griechische Weltherrschaft. 
651 0 |a Greece  |x Religion. 
650 0 |a Mythology, Greek. 
651 0 |a Crete (Greece)  |x Antiquities. 
830 0 |a Handbuch der Altertumswissenschaft ;  |v 5. Abt., 2. T. 
948 |a c:jls 
999 |a MARS 
999 f f |s 34c4aca1-1b16-374a-9474-07bf4a2bc033  |i a4dcbee1-ddb4-3b18-ab25-5d818438dcb6  |t 0 
952 f f |p noncirc  |a Texas A&M University  |b College Station  |c Sterling C. Evans Library  |d Bodrum (located in Turkey)  |t 0  |e PA31 .M9 Abt. 5, T. 2  |h Library of Congress classification  |i unmediated -- volume  |k Bd.2 
952 f f |p noncirc  |a Texas A&M University  |b College Station  |c Sterling C. Evans Library  |d Bodrum (located in Turkey)  |t 0  |e PA31 .M9 Abt. 5, T. 2  |h Library of Congress classification  |i unmediated -- volume  |k Bd.1 
998 f f |a PA31 .M9 Abt. 5, T. 2  |s Bd.1-Bd.2  |t 0  |l Bodrum (located in Turkey)